000 02043cam a22005294i 4500
003 PE-LiUPU
005 20250731173427.0
008 150706s2011 ag r 000 0 spa d
020 _a987557290X
020 _a9789875572904
035 _a(Sirsi) i9789875572904
040 _aPE-LiUPU
_bspa
_cPE-LiUPU
_erda
041 1 _aspa
_heng
049 _aPRUA
082 0 4 _a248.5
_bM93
_221
100 1 _aMunroe, Myles,
_eautor.
245 1 0 _aDe la idea a la acción :
_bcómo entender y movilizar tu potencial /
_cMyles Munroe ; traducido por Lorena Diglio.
250 _a1a edición.
264 1 _aBuenos Aires :
_bPeniel,
_c2011.
300 _a174 páginas ;
_c21 centímetros
336 _atext
_2rdacontent
337 _aunmediated
_2rdamedia
338 _avolume
_2rdacarrier
505 0 _aTodo en la vida tiene un potencial -- La fuente de todo potencial -- ¿Quién eres? -- ¿Qué le sucedió a tu verdadero yo? -- ¿De quién es la sabiduría? -- ¿Por qué naciste? -- ¿Qué puedes hacer? -- Desafía tu capacidad -- La clave de tu potencial -- Límites de potencial ilimitado -- Claves para alcanzar tu verdadero potencial -- Atrévete a creer en tu potencial.
526 _aSEG42
526 _aSEG41
526 _aSEG40
526 _aSEG39
526 _aP94
526 _aP87
526 _aP86
526 _aP85
526 _aP77
526 _aP76
526 _aP35
534 _pTítulo original :
_tUnderstanding your potential.
541 _g071-0133810;
650 0 4 _aAutorrealización (Psicología)
_xCristianismo.
650 0 4 _aConducta de vida.
_9973
650 0 4 _aÉxito.
_91682
700 1 _aDiglio, Lorena,
_etraductor.
910 _agl
_cfrs
_d20121211
942 _2ddc
_cBOOK
994 _aC0
_bPEPRU
596 _a1
999 _a248.5 M93
_wDEWEY
_c54284
_i65903
_d54284
_e2015-11-4
_f2021-11-10
_g6
_lCCODEBUL1
_mBUL
_n3
_p14.00
_r0
_sY
_tBOOK
_u2015-7-6
_xTEOLOGIA
_PP35
_0COMPRA
_o.STAFF. Colección Teología
980 _81
_gALBERTO SANCHEZ Responsable de Automatización